CMOS digital integrated circuits : (Record no. 175904)
[ view plain ]
| 000 -LEADER | |
|---|---|
| fixed length control field | 01316 a2200253 4500 |
| 003 - CONTROL NUMBER IDENTIFIER | |
| control field | Nust |
| 005 - DATE AND TIME OF LATEST TRANSACTION | |
| control field | 20221006103027.0 |
| 010 ## - LIBRARY OF CONGRESS CONTROL NUMBER | |
| LC control number | 98028075 |
| 020 ## - INTERNATIONAL STANDARD BOOK NUMBER | |
| International Standard Book Number | 0071164278 |
| 040 ## - CATALOGING SOURCE | |
| Transcribing agency | Nust |
| 082 00 - DEWEY DECIMAL CLASSIFICATION NUMBER | |
| Classification number | 621.395,KAW |
| 100 1# - MAIN ENTRY--PERSONAL NAME | |
| Personal name | Kang, Sung-Mo, |
| 9 (RLIN) | 99238 |
| 245 10 - TITLE STATEMENT | |
| Title | CMOS digital integrated circuits : |
| Remainder of title | analysis and design / |
| Statement of responsibility, etc. | Sung-Mo (Steve) Kang, Yusuf Leblebici. |
| 250 ## - EDITION STATEMENT | |
| Edition statement | 2nd ed. |
| 260 ## - PUBLICATION, DISTRIBUTION, ETC. | |
| Place of publication, distribution, etc. | Boston, MA : |
| Name of publisher, distributor, etc. | McGraw-Hill, |
| Date of publication, distribution, etc. | [1998], c1999. |
| 300 ## - PHYSICAL DESCRIPTION | |
| Extent | xv, 658 p. : |
| Other physical details | ill. ; |
| Dimensions | 25 cm. |
| 505 ## - FORMATTED CONTENTS NOTE | |
| Formatted contents note | Introduction (Page-1), Fabrication of MOSFETs (Page-20), MOS Transistor (Page-47), MOS Inverters Switching Characteristics (Page-196), Combinational MOS Logic Circuits (Page-259), Sequential MOS Logic Circuits (Page-312), Dynamic Logic Circuits (Page-350), Semiconductor Memories (Page-402), Low Power CMOS Logic Circuits (Page-451), BiCMOS Logic Circuits (Page-491), Modeling of MOS Transistors Using Spice (Page-117), MOS Inverters (Page-141), |
| 650 #0 - SUBJECT ADDED ENTRY--TOPICAL TERM | |
| Topical term or geographic name entry element | Digital integrated circuits. |
| 9 (RLIN) | 61563 |
| 650 #0 - SUBJECT ADDED ENTRY--TOPICAL TERM | |
| Topical term or geographic name entry element | Metal oxide semiconductors, Complementary. |
| 9 (RLIN) | 15118 |
| 700 1# - ADDED ENTRY--PERSONAL NAME | |
| Personal name | Leblebici, Yusuf. |
| 9 (RLIN) | 83485 |
| 856 42 - ELECTRONIC LOCATION AND ACCESS | |
| Materials specified | Publisher description |
| Uniform Resource Identifier | <a href="http://www.loc.gov/catdir/description/mh023/98028075.html">http://www.loc.gov/catdir/description/mh023/98028075.html</a> |
| 856 42 - ELECTRONIC LOCATION AND ACCESS | |
| Materials specified | Table of contents |
| Uniform Resource Identifier | <a href="http://www.loc.gov/catdir/toc/mh022/98028075.html">http://www.loc.gov/catdir/toc/mh022/98028075.html</a> |
| 942 ## - ADDED ENTRY ELEMENTS (KOHA) | |
| Koha item type | Reference |
| Source of classification or shelving scheme | |
| Withdrawn status | Lost status | Source of classification or shelving scheme | Damaged status | Not for loan | Permanent Location | Current Location | Shelving location | Date acquired | Full call number | Barcode | Date last seen | Price effective from | Koha item type | Public note |
|---|---|---|---|---|---|---|---|---|---|---|---|---|---|---|
| Military College of Signals (MCS) | Military College of Signals (MCS) | Reference | 12/12/2016 | 621.395,KAW | MCS27719 | 12/08/2016 | 12/12/2016 | Reference | Almirah No.24, Shelf No.1 |
